000 01402nam a22003137a 4500
999 _c46663
_d46663
001 20312
003 CO-MdFUSB
005 20180622073203.0
008 160926t2000 xxu||||g |||| 00| 0 eng d
020 _a0-8146-2717-X
040 _aCO-MdFUSB
_bEspañol
_cCO-MdFUSB
_dCO-MdFUSB
_erda
041 _aeng
082 _224
_a226.306
_bR375j
100 1 _aReiser, William
_eautor
245 1 0 _aJesus in solidarity with his people
_b : A theologian looks at Mark
_c/ William Reiser
264 4 _aCollegeville, Minnesota :
_bThe Liturgical Press,
_c©2000
300 _axvii, 233 páginas
336 _2rdacontent
_atexto
_btxt
337 _2rdamedia
_asin mediación
_bn
338 _2rdacarrier
_avolumen
_bnc
500 _aIncluye índices (p. 224-233)
501 _aRústico
505 0 0 _aLos asuntos teológicos - Un creyente desde el principio - Sobre llamando y siguiendo - La autoridad de perdonar - Lo que Dios ordena - Un reino de desechables - Pagando los impuestos del emperador - Un mundo de parábolas - ¿Alienta Marcos un culto del sufrimiento? - En compañía de los profetas - ¿Puede Dios ser de confianza? - ¿Qué clase de Dios levantaría a los muertos? - La inutilidad de los secretos
630 7 _aBiblia N.T.
_vMarcos
_xTeología
653 _aBible. N.T.--Mark--exegesis
653 _aBiblia -- N.T. -- Marcos -- exégesis
942 _cBK